00732nam a2200229Ia 4500001000700000003000500007008004100012010001100053020001800064040000900082082001800091100003400109245012300143260002800266300001100294503001400305504003300319650003400352650003500386700004600421700003500467Z_5736CHAP220113s1991 xx 000 0 und d a168839 a968-463-060-3 cCHAP aC 639.803 L36 aLanza Espino, Guadalupe de la aLa acuicultura en palabras /cGuadalupe de la Lanza Espino, Ramón de Lara Andrade y José Luis García Calderón aMéxico :bAGT,c1991 a160 p. aej.1: C/E aBibliografía: p. 157 - 160 aAcuicultura xx Diccionarios aPiscicultura xx Diccionarios a García Calderón, José Luis, caout. aLara Andrade, Ramón, coaut.